| 000 | 00700nam a2200241 i 4500 | ||
|---|---|---|---|
| 001 | bgj | ||
| 245 | 0 | 0 |
_aThe Oxford Illustrated History of English Literature / _cedited by Pat Rogers. |
| 250 | _a[Repr.]. | ||
| 260 |
_aOxford : _bOxford University Press, _c1994. |
||
| 300 |
_aXIV, 528, [17] pp : _bill. ; _c25 cm. |
||
| 504 | _aBibliography p. [493]-502. | ||
| 505 | _aIncludes index. | ||
| 650 | 9 | _aEnglish literature | |
| 650 | 9 |
_aEnglish literature _xHistory and criticism |
|
| 655 | _aDictionaries | ||
| 700 | 1 |
_aROGERS, Pat. _eed. |
|
| 020 | _a0192827286 | ||
| 040 | _cBPK | ||
| 041 | 0 | _aeng | |
| 920 | _a0-19-282728-6 | ||
| 942 | _cKS | ||
| 008 | s uk f |000 0 eng | ||
| 999 |
_c47759 _d47759 |
||
| 856 |
_uhttp://koha.tu.koszalin.pl/cgi-bin/koha/opac-detail.pl?biblionumber=47759 _yKatalog online BPK |
||